00257 a2200121 4500001000700000020000600007040001100013100002400024240003600048245003100084300000800115440001200123183148 a  cMagnum aAnchieta, José de10aO auto de são Lourençolpor10aO auto de são Lourenço a112 1aEdiouro